000 00709nam a2200181Ia 4500
008 100921s9999 xx 000 0 und d
082 _b10084
_a294.592 थ 66
100 _aपारखे म.स.
245 _aराजराजेश्वर परशुराम.
260 _bमोंडकर ज.आ.पुणे.
_c1966
300 _a123
_b---
365 _b7
520 _aधर्म-पवित्र ग्रंथ-व्यिक्त.
630 _aराजराजेश्वर परशुराम.
650 _aधर्म-पवित्र ग्रंथ-व्यिक्त.
730 _aराजराजेश्वर परशुराम.
942 _cBOOK
999 _c759197
_d759194